000 00385nam a2200157 i 4500
001 76086
003 ES-MaACL
005 20230906172720.0
007 t|
008 040929s1934 fr ||||1| fre d
100 1 _aGreen, Julien.
_959843
245 1 3 _aLe visionnaire /
_cJulien Green.
260 _aParis :
_bPlon,
_c1934.
300 _a274 p. ;
_c19 cm.
852 _aES-MaACL
_jA-2257
999 _c76086
_d76086